| 000 | 00776nam a2200205Ii 4500 | ||
|---|---|---|---|
| 003 | JO-AjNU | ||
| 008 | 230605s9999||||xx |||||||||||||| ||und|| | ||
| 040 |
_aJO-AjNU _bara _erda _cJO-AjNU |
||
| 041 | _aara | ||
| 050 | 1 | 4 | _aLB1187 1994 |
| 100 | 3 |
_aعادل،محمد إبراهيم, _eauthor _916402 |
|
| 245 | 0 | 0 | _aالرسم والأشغال اليدوية في المدرسة الإبتدائية |
| 250 | _aط2 | ||
| 264 | 3 | 1 | _aتونس:دار أبو سلامة،1994 |
| 300 | _a60ص | ||
| 336 |
_atext _btxt _2rdacontent |
||
| 337 |
_aunmediated _bn _2rdamedia |
||
| 338 |
_avolume _bnc _2rdacarrier |
||
| 650 | 4 |
_aالرسم-دراسة وتعليم (إبتدائي)-الأردن . الحرف اليدوية-دراسة وتعليم (إبتدائي)-الأردن. _916403 |
|
| 999 |
_aA4851 _c8419 _d8419 |
||